| 000 | 00660nam a2200193Ia 4500 | ||
|---|---|---|---|
| 003 | GCL | ||
| 008 | 140319s9999 xx 000 0 ara d | ||
| 040 |
_aGCL / _cGCL |
||
| 082 | 0 | 4 |
_a338.5443 _bخ ا |
| 100 | 1 | _aخبراء صندوق النقد الدولى | |
| 245 | 1 | 0 |
_aافاق الاقتصاد العالمى / _cخبراء صندوق النقد الدولى |
| 300 | _a274 ص | ||
| 490 |
_aدراسات اقتصادية ومالية عالمية _v0 |
||
| 650 | 0 | 4 | _aالاقتصاد |
| 650 | 0 | 4 | _aالاقتصاد الدولى |
| 650 | 0 | 4 | _aالتنمية الاقتصادية |
| 650 | 0 | 4 | _aالتنبؤات الاقتصادية |
| 942 |
_2ddc _cBK |
||
| 999 |
_c48532 _d48532 |
||